| 000 | 00816nam a2200205 a 4500 | ||
|---|---|---|---|
| 001 | 000839975 | ||
| 003 | AM-YeHGA | ||
| 005 | 20250617144831.0 | ||
| 008 | 111020s1977 ru a r 000 0brus d | ||
| 040 | _aAM-YeHGA | ||
| 041 | 0 | _arus | |
| 100 | 1 |
_aЗильберштейн, Илья Самойлович _d1905-1988 |
|
| 245 | 1 | 0 |
_aХудожник-декабрист Николай Бестужев / _cИ. С. Зильберштейн. |
| 260 |
_aМосква : _bИзобразительное искусство, _c1977. |
||
| 300 |
_a679 с. : _bилл. |
||
| 600 | 1 | 4 |
_aБестужев, Николай Александрович _d1761-1810 |
| 650 | 1 | 4 | _aРусское изобразительное искусство, 18 - 19 вв. |
| 650 | 1 | 4 | _aПисатели-декабристы |
| 090 | _c303135 | ||
| 999 |
_c301436 _d301436 |
||